Nghiên cứu ảnh hưởng của Hormone đến các chỉ tiêu sinh sản cá dày (Channa lucius cuvier, 1831) : Đề tài nghiên cứu khoa học cấp trường
Nội dung đề tài nhằm tìm được loại và chất kích thích sinh sản phù hợp trên cá dày. Từ đó xây dựng qui trình lỹ thuật sản xuất và ương giống để góp phần đáp ứng nhu cầu giống nuôi ngày càng cao của ngường dân và thúc đẩy ngành thủy...
Guardado en:
| Autor principal: | |
|---|---|
| Formato: | Libro |
| Lenguaje: | Undetermined |
| Publicado: |
Cần Thơ
Trường Đại học Cần Thơ
2013
|
| Materias: | |
| Etiquetas: |
Agregar Etiqueta
Sin Etiquetas, Sea el primero en etiquetar este registro!
|
| Thư viện lưu trữ: | Trung tâm Học liệu Trường Đại học Cần Thơ |
|---|
| LEADER | 01224nam a2200241Ia 4500 | ||
|---|---|---|---|
| 001 | CTU_204535 | ||
| 008 | 210402s9999 xx 000 0 und d | ||
| 082 | |a 639.31 | ||
| 082 | |b L600 | ||
| 088 | |a TNCS2012-25 | ||
| 100 | |a Tiền, Hải Lý | ||
| 245 | 0 | |a Nghiên cứu ảnh hưởng của Hormone đến các chỉ tiêu sinh sản cá dày (Channa lucius cuvier, 1831) : | |
| 245 | 0 | |b Đề tài nghiên cứu khoa học cấp trường | |
| 245 | 0 | |c Tiền Hải Lý (chủ nghiệm đề tài) | |
| 260 | |a Cần Thơ | ||
| 260 | |b Trường Đại học Cần Thơ | ||
| 260 | |c 2013 | ||
| 520 | |a Nội dung đề tài nhằm tìm được loại và chất kích thích sinh sản phù hợp trên cá dày. Từ đó xây dựng qui trình lỹ thuật sản xuất và ương giống để góp phần đáp ứng nhu cầu giống nuôi ngày càng cao của ngường dân và thúc đẩy ngành thủy sản phát triển. | ||
| 650 | |a Cá nước ngọt,Behavior | ||
| 650 | |x Hành vi | ||
| 904 | |i Qhieu | ||
| 915 | |a TS | ||
| 980 | |a Trung tâm Học liệu Trường Đại học Cần Thơ | ||